00674nam a2200241 a 4500001001300000003000900013005001700022008004100039020001000080082001500090100002800105245003000133260003600163300000900199500003500208505001000243650002600253700002800279902000800307942000700315952009500322999001500417nice12345678IN_TiNIC20260116011956.0050524s1923 lona grp 000 0 eng  ac10000a242.1bDIB aDibdin, Thomas Frognall aImitation of Jesus Christ aLondonbWilliam Pickeringc1923 a389p aincludes index and biblioraphy2 aIndex aDevotional Literature1 aDibdin, Thomas Frognall bSRS cBK 00104070aHMIbHMId2007-06-29g100.00l0o242.1 DIBp7230r2007-06-29w2026-01-16yARB c5134d5134